Welcome to the Holygrace Academy Library

Please use search bar below to get started

THE BLACK TULIP (Record no. 7376)

MARC details
000 -LEADER
fixed length control field 00255nam a22001217a 4500
082 ## - DEWEY DECIMAL CLASSIFICATION NUMBER
Classification number 823
Item number DAV/B
100 ## - MAIN ENTRY--AUTHOR NAME
Personal name DAVID, MARY T
245 ## - TITLE STATEMENT
Title THE BLACK TULIP
260 ## - PUBLICATION, DISTRIBUTION, ETC. (IMPRINT)
Place of publication BANGALORE
Name of publisher B-I
Year of publication 1998
300 ## - PHYSICAL DESCRIPTION
Number of Pages 116
650 ## - SUBJECT ADDED ENTRY--TOPICAL TERM
Topical Term ENGLISH STORY
Geographic subdivision INDIA
942 ## - ADDED ENTRY ELEMENTS (KOHA)
Koha item type Books
Holdings
Withdrawn status Lost status Collection code Home library Current library Date acquired Source of acquisition Cost, normal purchase price Full call number Accession Number Koha item type
Withdrawn Damaged Item Fiction Main Library Main Library 04/03/2003 purchase 20.00 823 DAV/B 00403 Books